000 00751nam a22002057a 4500
010 _aENG-122193
020 _a9789352533039
_c299.00
035 _aB-685946-978
035 _aEN-105725
037 _bABC/Ven.
_adpl
037 _bDBAD/PUB
082 _a540
100 _aMadan, R.L.
245 _aChemistry for degree students :
_cby R.L. Madan
_binorganic chemistry | organic chemistry | laboratory work /
260 _aNew Delhi
_bS. Chand
_c2016
270 _a7361, Ram Nagar,
_bNew Delhi
_e110055
300 _axii, 473p.:
_bill.
_c24cm(pbk)
942 _2ddc
_cEN
_mMAD
_h540
999 _c144234
_d144234